Statistiques concernant đź“– 150 premiers mots "Fascination" (Twilight T.1) S. Meyer

Cliquez ici pour prendre le quiz!

Statistiques générales

  • Ce quiz a Ă©tĂ© pris 270 fois
  • Le rĂ©sultat moyen est 66 sur 150

Statistiques - réponses

Mots% Correct
États-
99%
j'
94%
J'
94%
Ă 
90%
Phoenix,
88%
d'
87%
Unis.
86%
C'
85%
Charlie,
85%
l'
85%
Forks
84%
Olympic,
84%
me
83%
Ma
79%
ma
79%
de
77%
de ...
77%
lĂ 
72%
la
72%
La
72%
mère
72%
le
71%
et
70%
je
67%
est
66%
père,
66%
un
64%
un
63%
Il
60%
mon
60%
une
55%
les
54%
que
52%
oĂą
51%
ville
51%
en
50%
En
50%
au
49%
pour
47%
Washington,
47%
mes
45%
y
44%
dĂ»
43%
plus
39%
avais
38%
dans
38%
son
38%
cette
37%
aéroport
36%
Ă©tait
33%
aux
32%
avait
31%
Ces
31%
Ă©tais
31%
État
31%
ans,
30%
tous
26%
quatorze
25%
sans
24%
alors.
23%
bourgade
23%
nord-
23%
ouest
23%
enfin
21%
mois
21%
pleut
21%
rendre,
21%
toutes
21%
trois
21%
conduisit
20%
années,
19%
seul
19%
ciel
18%
étés,
18%
fui
18%
jusqu'
18%
main.
18%
température,
18%
bagage
17%
bleu
17%
degrés,
17%
vingt
17%
âge
16%
ailleurs
16%
appelée
16%
partout
16%
péninsule
16%
blanche
15%
climat
15%
dernières
15%
emportant
15%
fenĂŞtres
15%
nourrisson
15%
ouvertes.
15%
coupe-
14%
frĂ´lait
14%
vent
14%
chemise
13%
constante.
13%
couverture
13%
Ă©clatant.
13%
existe,
13%
guise
13%
nuageuse
13%
préférée,
13%
quasi
13%
adieux,
12%
auquel
12%
dentelle.
12%
insignifiante
12%
lugubre
12%
manches,
12%
portais
12%
accepté
11%
boutonnières
11%
osé
11%
protester.
11%
rehaussées
11%
Ă©ternellement
10%

Distribution des résultats

Percentile par nombre de réponses

% des personnes avec chaque résultat

Votre développement - résultats

Vous n’avez pas pris ce quiz